Top 75 zawodników NBA - Statystyki

Ogólne statystyki
  • Ten quiz został rozwiązany 1 783 razy
  • Średni wynik to 26 z 76
Statystyki odpowiedzi
Lata gry Zawodnik % Poprawnych
2003-obecnie LeBron James
98%
1984-2003 Michael Jordan
97%
1996-2016 Kobe Bryant
88%
2009-obecnie Stephen Curry
87%
2007-obecnie Kevin Durant
80%
1992-2011 Shaquille O'Neal
80%
1979-1992 Larry Bird
76%
1969-1989 Kareem Abdul-Jabbar
74%
1979-1996 Magic Johnson
73%
2009-obecnie James Harden
67%
1960-1974 Jerry West
67%
2013-obecnie Janis Andetokunmbo
66%
1959-1973 Wilt Chamberlain
66%
1987-2004 Scottie Pippen
64%
1997-2016 Tim Duncan
62%
1956-1969 Bill Russell
58%
2008-obecnie Russell Westbrook
58%
1986-2000 Dennis Rodman
55%
1998-2019 Dirk Nowitzki
54%
1985-2004 Karl Malone
54%
1976-1995 Moses Malone
52%
1996-2010 Allen Iverson
51%
2005-obecnie Chris Paul
49%
1984-2002 Hakeem Olajuwon
47%
2003-2019 Dwyane Wade
46%
2011-obecnie Kawhi Leonard
44%
1995-2015 Kevin Garnett
41%
2012-obecnie Anthony Davis
40%
1984-2003 John Stockton
40%
2003-2023 Carmelo Anthony
39%
1989-2003 David Robinson
38%
1996-2014 Steve Nash
38%
1984-2000 Charles Barkley
36%
2012-obecnie Damian Lillard
36%
1976-1987 Julius Erving
34%
1960-1974 Oscar Robertson
34%
1996-2014 Ray Allen
34%
1981-1994 Isiah Thomas
29%
1985-2002 Patrick Ewing
29%
1950-1970 Bob Cousy
25%
1954-1965 Bob Pettit
25%
1998-2017 Paul Pierce
25%
1994-2013 Jason Kidd
22%
1987-2005 Reggie Miller
20%
1962-1978 John Havlicek
19%
1983-1998 Clyde Drexler
18%
1990-2007 Gary Payton
18%
1958-1972 Elgin Baylor
17%
1974-1987 Bill Walton
16%
1982-1994 James Worthy
15%
1972-1986 Bob McAdoo
13%
1982-1999 Dominique Wilkins
13%
1948-1956 George Mikan
13%
1976-1997 Robert Parish
12%
1968-1981 Wes Unseld
12%
1980-1993 Kevin McHale
11%
1964-1974 Willis Reed
10%
1976-1986 George Gervin
9%
1970-1980 Pete Maravich
8%
1965-1980 Rick Barry
8%
1967-1979 Walt Frazier
8%
1970-1983 Dave Cowens
7%
1968-1984 Elvin Hayes
6%
1957-1969 Sam Jones
6%
1948-1964 Dolph Schayes
5%
1966-1978 Dave Bing
4%
1963-1974 Jerry Lucas
4%
1970-1984 Nate Archibald
4%
1950-1962 Paul Arizin
4%
1965-1978 Billy Cunningham
3%
1962-1978 Dave DeBusschere
3%
1967-1980 Earl Monroe
3%
1958-1973 Hal Greer
3%
1960-1975 Lenny Wilkens
3%
1963-1977 Nate Thurmond
3%
1950-1961 Bill Sharman
2%
Nie znaleziono quizów pasujących do podanych kryteriów
Rozkład punktacji
Procent ludzi z każdym wynikiem
Percentyl według liczby udzielonych odpowiedzi
Twoja historia wyników
Nie rozwiązałeś tego quizu